Microprocessor And Interfacing (Record no. 309587)

MARC details
000 -LEADER
fixed length control field 00422nam a2200157Ia 4500
008 - FIXED-LENGTH DATA ELEMENTS--GENERAL INFORMATION
fixed length control field 230718s9999 xx 000 0 und d
041 ## - LANGUAGE CODE
Language code of text/sound track or separate title eng
082 ## - DEWEY DECIMAL CLASSIFICATION NUMBER
Classification number 004.16
Item number HAL
100 ## - MAIN ENTRY--PERSONAL NAME
Personal name Hall D.V.
245 ## - TITLE STATEMENT
Title Microprocessor And Interfacing
Remainder of title Programming And Hardware
260 ## - PUBLICATION, DISTRIBUTION, ETC. (IMPRINT)
Date of publication, distribution, etc. 2004
Name of publisher, distributor, etc. Tata McGraw-Hill
300 ## - PHYSICAL DESCRIPTION
Extent 624
365 ## - TRADE PRICE
Currency code Rs.
Price amount 295.00
700 ## - ADDED ENTRY--PERSONAL NAME
Personal name Hall D.V.
906 ## - LOCAL DATA ELEMENT F, LDF (RLIN)
d B:1194/24.1.0530-Aug-2005
c COMP
b 59
Holdings
Withdrawn status Lost status Damaged status Not for loan Home library Current library Date acquired Vendor Budget Code Cost, normal purchase price Bill number Total Checkouts Full call number Barcode Date last seen Date last checked out Discount Cost, replacement price Bill Date Koha item type Original Barcode
        Cummins College of Engineering for Women Pune Cummins College of Engineering for Women Pune 04/02/2005 Goels Computer Hut COMP 236.00 1194/24.1.05 1 004.16 CCEP-BK-20794 20/02/2024 06/02/2024 59 295.00 30/08/2005 Books 020794